ロード中...

Imagined hinduism : british protestant missionary constructions of hinduism, 1793-1900

書誌詳細
第一著者: Geoffrey A Oddie
フォーマット: Printed Book
出版事項: New Delhi Sage 2006
主題:
LEADER 00630nam a22001811a 4500
020 |a 9788178296371  |c 0.00 
040 |a SSUS - Library - Kalady 
082 |a 294.5  |b GEO/I 
100 |a Geoffrey A Oddie  
245 |a Imagined hinduism : british protestant missionary constructions of hinduism, 1793-1900  |h [Text] 
260 |a New Delhi  |b Sage  |c 2006 
300 |a 374p. 
600 |a Hinduism 
600 |a Religion 
852 |h 294.5  |i GEO/I  |p 052903  |9 450.00  |t 0 
942 |c BK 
999 |c 19108  |d 19108 
952 |0 0  |1 0  |4 0  |6 294_500000000000000_GEO_I  |7 0  |9 26943  |a SSUS  |b SSUS  |d 2015-01-08  |g 450.00  |o 294.5 GEO/I  |p 052903  |r 2016-08-25  |v 0.00  |w 2015-01-08  |y BK